000 01337nam a2200409 i 4500
001 34491
003 KOSZ 005
005 20221006143454.0
008 990525s1999 pl f f |000 0 pol
015 _aPB 1999/7943
020 _a8387558648
040 _aWA N
_cWA N
_dKOSZ 005/HR
041 0 _apol
046 _k1999
080 _a342.9(438)
080 _a(075.8)
245 0 0 _aPrawo administracyjne /
_cpod red. Marka Wierzbowskiego ; [aut.] Zbigniew Cieślak [et al.].
250 _aWyd. 2 zm.
260 _aWarszawa :
_bWydawnictwa Prawnicze PWN,
_c1999.
300 _a632 s. ;
_c24 cm.
336 _2rdacontent
_aTekst
_btxt
337 _2rdamedia
_aBez urządzenia pośredniczącego
_bn
338 _2rdacarrier
_aWolumin
_bnc
380 _aKsiążki
388 _a1901-2000
388 _a1989-2000
504 _aBibliogr. przy rozdz.
650 4 _aPrawo administracyjne
651 7 _aPolska
655 4 _aPodręczniki akademickie
658 _aPrawo i wymiar sprawiedliwości
700 1 _aWierzbowski, Marek
_d(1946- )
_eRedakcja
700 1 _aCieślak, Zbigniew
_d(1954- )
_eAutor
710 2 _aWydawnictwa Prawnicze PWN
_4pbl
856 _uhttp://koha.tu.koszalin.pl/cgi-bin/koha/opac-detail.pl?biblionumber=34491
_ykatalog online BPK
942 _2UKD
_cKS
999 _c34491
_d34491